LEADER 02866oam 22006375 450 001 9910781055603321 005 20200520144314.0 010 $a1-282-35577-5 010 $a9786612355776 010 $a0-8213-7875-9 024 7 $a10.1596/978-0-8213-7874-8 035 $a(CKB)2550000000005686 035 $a(EBL)476234 035 $a(OCoLC)495092286 035 $a(SSID)ssj0000086182 035 $a(PQKBManifestationID)11998641 035 $a(PQKBTitleCode)TC0000086182 035 $a(PQKBWorkID)10025165 035 $a(PQKB)11360344 035 $a(MiAaPQ)EBC476234 035 $a(Au-PeEL)EBL476234 035 $a(CaPaEBR)ebr10354183 035 $a(CaONFJC)MIL235577 035 $a(The World Bank)ocn297146467 035 $a(US-djbf)15754320 035 $a(EXLCZ)992550000000005686 100 $a20090528d2009 uy 0 101 0 $aeng 135 $aurcn||||||||| 181 $ctxt$2rdacontent 182 $cc$2rdamedia 183 $acr$2rdacarrier 200 00$aDebt relief and beyond : $elessons learned and challenges ahead /$fedited by Carlos A. Primo Braga, Dorte Domeland 210 1$aWashington, D.C. :$cWorld Bank,$dc2009. 215 $axxii, 451 pages $cillustrations ;$d23 cm 300 $a"This book is the outcome of a conference titled 'Debt relief and beyond: a World Bank conference on debt and development,' held in October 2008 at the World Bank in Washington, D.C."--Preface. 311 $a0-8213-7874-0 320 $aIncludes bibliographical references and index. 327 $aContents; Preface; Acknowledgments; Contributors; Abbreviations; Introduction; Part I: Debt Relief; Boxes; Figures; Tables; Part II: Debt Sustainability; Part III: Odious Debt; Part IV: Debt Management; Index 330 $aThe history of debt relief goes back several decades. It reveals that a country's accumulation of unsustainable debt stems from such factors as deficiencies in macroeconomic management, adverse terms-of-trade shocks, and poor governance. Debt-relief initiatives have provided debt-burdened countries with the opportunity for a fresh start, but whether the benefits of debt relief can be preserved depends on transformations in a country's policies and institutions.In 1996, the Heavily Indebted Poor Countries (HIPC) Initiative was launched as the first comprehensive, multilateral, debt-relief frame 410 0$aWorld Bank e-Library. 606 $aDebt relief$zDeveloping countries 615 0$aDebt relief 676 $a336.3/435091724 701 $aBraga$b Carlos Alberto Primo$f1954-$011722 701 $aDo?meland$b Do?rte$f1971-$01465116 712 02$aWorld Bank. 801 0$bDLC 801 1$bDLC 801 2$bYDX 801 2$bCUV 801 2$bDLC 906 $aBOOK 912 $a9910781055603321 996 $aDebt relief and beyond$93674985 997 $aUNINA LEADER 03408nam 22006855 450 001 9910805571203321 005 20240123183626.0 010 $a9783031496813 010 $a3031496817 024 7 $a10.1007/978-3-031-49681-3 035 $a(CKB)30098034100041 035 $a(MiAaPQ)EBC31084754 035 $a(Au-PeEL)EBL31084754 035 $a(DE-He213)978-3-031-49681-3 035 $a(OCoLC)1419872603 035 $a(EXLCZ)9930098034100041 100 $a20240123d2023 u| 0 101 0 $aeng 135 $aur||||||||||| 181 $ctxt$2rdacontent 182 $cc$2rdamedia 183 $acr$2rdacarrier 200 10$aHyperbaric Oxygenation $eMitochondrial Activity and Brain Physiological Functions /$fby Avraham Mayevsky 205 $a1st ed. 2023. 210 1$aCham :$cSpringer Nature Switzerland :$cImprint: Springer,$d2023. 215 $a1 online resource (365 pages) 311 08$a9783031496806 327 $aChapter 1-Introduction and Historical Background -- Chapter 2-Basic Concepts of Brain Monitoring Systems -- Chapter 3-Scientific Background to Hyperbaric Oxygenation(HBO) -- Chapter 4-Typical Brain Mitochondrial Responses to Hyperbaric Oxygenation -- Chapter 5-Effect of the Pressure Level on the Oxygen Toxicity Process -- Chapter 6-Responses to Oxygen Toxicity after Various Treatments -- Chapter 7-Interaction between Carbon Monoxide(CO) and Hyperbaric Oxygenation -- Chapter 8-Effects of Age on the Responses to Hyperbaric Hyperoxia -- Chapter 9-Brain Multiparametric Responses to Hyperbaric Hyperoxia -- Chapter 10-Effects of Age on the Responses to Hyperbaric Hyperoxia -- Chapter 11-Hyperbaric Hyperoxia in Patients After Chest Injury or Ischemic Stroke -- Chapter 12-Discussion and Conclusions. 330 $a Exposure of patients to a high oxygen environment is a standard treatment in a select group of patients. The development of oxygen toxicity must be avoided in those patients. This book describes the effects of normobaric and hyperbaric oxygen treatment of animal models on brain biochemical and physiological responses. This book provides a summary of our knowledge on the effects of hyperbaric oxygenation on mitochondrial activity in vivo, and other functions of the brain. A chapter covering the use of hyperbaric hyperoxia in patients? brain pathology and care is also included. This is an ideal book for students, research groups, and clinicians studying hyperbaric oxygen and its connection to mitochondrial activity and brain physiological functions. 606 $aNeurophysiology 606 $aNeurons 606 $aToxicology 606 $aNeurosciences 606 $aMetabolism 606 $aCytology 606 $aCellular Neuroscience 606 $aToxicology 606 $aNeuroscience 606 $aMetabolism 606 $aCell Biology 615 0$aNeurophysiology. 615 0$aNeurons. 615 0$aToxicology. 615 0$aNeurosciences. 615 0$aMetabolism. 615 0$aCytology. 615 14$aCellular Neuroscience. 615 24$aToxicology. 615 24$aNeuroscience. 615 24$aMetabolism. 615 24$aCell Biology. 676 $a612.81046 700 $aMayevsky$b Avraham$01064292 801 0$bMiAaPQ 801 1$bMiAaPQ 801 2$bMiAaPQ 906 $aBOOK 912 $a9910805571203321 996 $aHyperbaric Oxygenation$93883209 997 $aUNINA